The Puranas / (Record no. 136410)

MARC details
000 -LEADER
fixed length control field 01002nam a2200241 4500
010 ## - LIBRARY OF CONGRESS CONTROL NUMBER
LC control number A-716377
020 ## - INTERNATIONAL STANDARD BOOK NUMBER
International Standard Book Number 8170188067
Terms of availability 00.00
035 ## - SYSTEM CONTROL NUMBER
System control number A-716377
037 ## - SOURCE OF ACQUISITION
Stock number Cen Lib/Ret
040 ## - CATALOGING SOURCE
Original cataloging agency DPL
Language of cataloging EN
082 ## - DEWEY DECIMAL CLASSIFICATION NUMBER
Classification number 230.22
Item number DEB
100 ## - MAIN ENTRY--PERSONAL NAME
Personal name Debroy, Bibek
245 ## - TITLE STATEMENT
Title The Puranas /
Statement of responsibility, etc Bibek Debroy and Dipavali Debroy
260 ## - PUBLICATION, DISTRIBUTION, ETC. (IMPRINT)
Place of publication, distribution, etc Delhi
Name of publisher, distributor, etc B. R. Publishing Corporation
Date of publication, distribution, etc 1994
270 ## - ADDRESS
Address Office A-6, Nimri Commmunity Center, Phase -iv, Ashok Vihar
City Delhi
Postal code 110052
300 ## - PHYSICAL DESCRIPTION
Extent 3 v. (v 1. 594 ; v 2. 553 ; v 3.618)
Other physical details 24cm(Hb)
500 ## - GENERAL NOTE
General note includes bibliographical reference
500 ## - GENERAL NOTE
General note 3 v. ; v 1. Brahma, padma, vishnu, shiva, Bhagavata, Narada (available). v 2. Markandeya, Agni, Bhavishya, Barhmaviarta, Linga, Varaha (available) ; v 3. Shanda, Varmana, Matsya Garuda, Barhmanda,Vayu (available).
650 ## - SUBJECT ADDED ENTRY--TOPICAL TERM
Topical term or geographic name as entry element Puranas -- History and criticism.
650 ## - SUBJECT ADDED ENTRY--TOPICAL TERM
Topical term or geographic name as entry element Puranas -- Histoire et critique.
700 ## - ADDED ENTRY--PERSONAL NAME
Personal name Debroy, Dipavali
942 ## - ADDED ENTRY ELEMENTS (KOHA)
Source of classification or shelving scheme Dewey Decimal Classification
Koha item type English Books
Classification part 230.22
Call number suffix DEB
Holdings
Withdrawn status Lost status Materials specified (bound volume or other part) Damaged status Not for loan Collection code Home library Current library Date acquired Source of acquisition Cost, normal purchase price Total Checkouts Full call number Barcode Date last seen Copy number Cost, replacement price Price effective from Koha item type Source of classification or shelving scheme
    v.1   Not For Loan Reference Central Library Central Library 01/03/2016 Cen Lib/Ret 0.00   230.22 DEB A-716377 01/03/2016 1 0.00 01/03/2016 English Books  
    v.2   Not For Loan Reference Central Library Central Library 01/03/2016 Cen Lib/Ret 0.00   230.22 DEB A-716384 01/03/2016 2 0.00 01/03/2016 English Books  
    v.3   Not For Loan Reference Central Library Central Library 01/03/2016 Cen Lib/Ret 0.00   230.22 DEB A-716391 01/03/2016 3 0.00 01/03/2016 English Books  
    v 2   Not For Loan Reference Central Library Central Library 05/03/2016 Cen Lib/Ret 0.00   230.22 DEB A-716383 05/03/2016 2   05/03/2016 English Books  
    v 1   Not For Loan Reference Central Library Central Library 08/03/2016 Cen Lib/Ret     230.22 DEB A-716376 08/03/2016 2   08/03/2016 English Books Dewey Decimal Classification

© Delhi Public Library
Hit Counter
free hit counter